| 000 | 00784nam a2200265 a 4500 | ||
|---|---|---|---|
| 001 | BRCA_7853 | ||
| 005 | 20190320210027.0 | ||
| 008 | 071113s1852----be-a######---#000-0#fre-# | ||
| 041 | _afre | ||
| 044 | _abe | ||
| 050 | 4 |
_aNK7108 _b.K56 1852 |
|
| 100 | 1 |
_aKing, Thomas H. _919438 |
|
| 245 | 1 | 0 |
_aOrfevrerie et ouvrages en metal du moyen age _cThomas H. King. |
| 260 |
_aBrujas, Bélgica _bVanhee-Wante _c1852 |
||
| 300 |
_a1 v. _bil., 200 láminas _c48 cm. |
||
| 500 | _aY77 | ||
| 500 | _aVer también Y102 | ||
| 505 | 0 | _aMesures et dessines diapres les anciens modeles | |
| 650 | 1 | 4 |
_aOrfebrería _xHistoria _919439 |
| 650 | 1 | 4 |
_aPlatería _xHistoria _92975 |
| 650 | 1 | 4 |
_aArte medieval _911014 |
| 650 | 1 | 4 |
_aArte y simbolismo cristianos _94853 |
| 902 | _aGFM | ||
| 942 |
_2lcc _cB |
||
| 999 |
_c7527 _d7527 |
||